000 00508nam a2200217Ia 4500
008 210210b1949 xxu||||| |||| 00| 0 eng d
041 _aeng
082 _a230/183
100 _aOLD TESTAMENT
245 _aOld testament Vol.2
_bJob machabees
260 _aLondon
_bBurns Oates and Washbourne Limited
_c1949
300 _a714-1604
440 _a2
650 _aVol.2
650 _atestament
650 _aOld
650 _amachabees
650 _aJob
690 _aChristianity
906 _a001419
999 _c116540
_d116540